| 000 | 00391nam a2200133 a 4500 | ||
|---|---|---|---|
| 001 | 000016624 | ||
| 005 | 20200929164935.0 | ||
| 008 | 100308s1987 dr r 000 0 spa d | ||
| 040 |
_aDO-SdBNP _bspa _cBNPHU |
||
| 082 |
_axxxx _bxxxx |
||
| 245 | 0 | _aDidáctica de los estudios sociales. | |
| 260 |
_aSanto Domingo, : _bDirección General de Medios Educativos, _c1987. |
||
| 300 |
_a163 p. ; _c24 cm. |
||
| 999 |
_c16157 _d16157 |
||